[Event "Helsingor Xtracon op"]
[Site "Helsingor"]
[Date "2016.07.27"]
[Round "6"]
[White "Rose, Dennis Lauge"]
[Black "Wanvik, Tim"]
[Result "1-0"]
[WhiteElo "1814"]
[BlackElo "1479"]
[PlyCount "75"]
[EventDate "2016.07.23"]
[EventType "swiss"]
[EventRounds "10"]
[EventCountry "DEN"]
[SourceTitle "CBM 173 Extra"]
[Source "ChessBase"]
[SourceDate "2016.08.29"]
[SourceVersion "1"]
[SourceVersionDate "2016.08.29"]
[SourceQuality "1"]

1. f4 d5 2. Nf3 Nf6 3. e3 e6 4. d4 c5 5. c3 b6 6. Bd3 Bb7 7. 0-0 Be7 8. Ne5 Nc6 9. Nd2 Qc7 10. Ndf3 Nd7 11. Nxd7 Qxd7 12. Ne5 Nxe5 13. fxe5 Bg5 14. Qf3 0-0 15. Qh5 Bh6 16. Rf3 Qe8 17. Rg3 Kh8 18. Qh4 f5 19. exf6 Rxf6 20. b3 Qf7 21. Ba3 cxd4 22. cxd4 Rc8 23. Qg4 Rf2 24. Rf1 Rxf1+ 25. Bxf1 Qg6 26. Qh4 Qf6 27. Qh5 Qf5 28. Qe2 Rc2 29. Qe1 g5 30. Rf3 Qg6 31. Bd6 Bg7 32. Qg3 Rxa2 33. Be5 h5 34. Bxg7+ Qxg7 35. Qb8+ Kh7 36. Qe8 Bc6 37. Bd3+ Kh6 38. Qxe6+ 1-0

[Event "Helsingor Xtracon op"]
[Site "Helsingor"]
[Date "2016.07.24"]
[Round "2"]
[White "Sidali, Elias Hulleberg"]
[Black "Rose, Dennis Lauge"]
[Result "0-1"]
[WhiteElo "1491"]
[BlackElo "1814"]
[PlyCount "56"]
[EventDate "2016.07.23"]
[EventType "swiss"]
[EventRounds "10"]
[EventCountry "DEN"]
[SourceTitle "CBM 173 Extra"]
[Source "ChessBase"]
[SourceDate "2016.08.29"]
[SourceVersion "1"]
[SourceVersionDate "2016.08.29"]
[SourceQuality "1"]

1. e4 c5 2. Nf3 Nc6 3. Bb5 d6 4. Bxc6+ bxc6 5. d3 Bg4 6. Be3 e6 7. Nbd2 d5 8. h3 Bh5 9. 0-0 Nf6 10. c3 Be7 11. Qc2 0-0 12. Nb3 Nd7 13. Nbd2 Qc7 14. Ne1 Be2 15. f4 Bxf1 16. Nxf1 e5 17. f5 d4 18. Bd2 g6 19. Qd1 gxf5 20. exf5 Nf6 21. g4 Kh8 22. Bh6 Rg8 23. Kh1 Qd6 24. Nf3 Nxg4 25. hxg4 Qxh6+ 26. N1h2 Bd6 27. Rc1 Rxg4 28. Nxd4 exd4 0-1

[Event "Politiken Cup 37th"]
[Site "Helsingor"]
[Date "2015.07.31"]
[Round "8"]
[White "Rose, Dennis Lauge"]
[Black "Loveid, Erik"]
[Result "1/2-1/2"]
[WhiteElo "1797"]
[BlackElo "1559"]
[PlyCount "132"]
[EventDate "2015.07.25"]
[EventType "swiss"]
[EventRounds "10"]
[EventCountry "DEN"]
[SourceTitle "CBM 167 Extra"]
[Source "ChessBase"]
[SourceDate "2015.09.14"]
[SourceVersion "1"]
[SourceVersionDate "2015.09.14"]
[SourceQuality "1"]

1. f4 d5 2. Nf3 c5 3. e3 Nc6 4. d4 Bf5 5. c3 e6 6. Ne5 cxd4 7. exd4 Nf6 8. Bb5 Qc7 9. 0-0 Bd6 10. Nd2 h6 11. Ndf3 Rc8 12. Bd2 Ne4 13. Nh4 Bh7 14. Be3 0-0 15. Bd3 Be7 16. Nhf3 a6 17. Nd2 Nxd2 18. Bxh7+ Kxh7 19. Qxd2 Kg8 20. Rf3 Na5 21. Rg3 Bh4 22. Rh3 Qe7 23. Qe2 Nc4 24. Nxc4 Rxc4 25. Qg4 Bf6 26. Rxh6 g6 27. Rf1 Bg7 28. Rh3 Qf6 29. Rg3 Qf5 30. Qxf5 gxf5 31. Rff3 Rb8 32. Rg5 f6 33. Rg6 Kf7 34. Rfg3 Bh8 35. h4 Rcc8 36. Kf2 b5 37. Rh6 Rg8 38. Rh7+ Rg7 39. Rhxg7+ Bxg7 40. b3 Rc8 41. Bd2 b4 42. Ke2 bxc3 43. Rxc3 Rxc3 44. Bxc3 Kg6 45. Kf3 Bf8 46. a4 Bd6 47. b4 Bc7 48. b5 axb5 49. axb5 Bb6 50. g3 Kh5 51. Ke3 Kg4 52. Bb4 e5 53. Bc5 exf4+ 54. gxf4 Bc7 55. h5 Kxh5 56. b6 Bb8 57. Kf3 Kg6 58. Be7 Kf7 59. Bb4 Ke6 60. Kg3 Kd7 61. Bd2 Bd6 62. Kh4 Kc6 63. Kh5 Kxb6 64. Kg6 Kb5 65. Kxf5 Kc4 66. Kxf6 Bxf4 1/2-1/2

[Event "Politiken Cup 37th"]
[Site "Helsingor"]
[Date "2015.07.30"]
[Round "7"]
[White "Mehringer, Joerg"]
[Black "Rose, Dennis Lauge"]
[Result "1-0"]
[WhiteElo "1991"]
[BlackElo "1797"]
[PlyCount "105"]
[EventDate "2015.07.25"]
[EventType "swiss"]
[EventRounds "10"]
[EventCountry "DEN"]
[SourceTitle "CBM 167 Extra"]
[Source "ChessBase"]
[SourceDate "2015.09.14"]
[SourceVersion "1"]
[SourceVersionDate "2015.09.14"]
[SourceQuality "1"]

1. e4 c5 2. g3 Nc6 3. Bg2 d6 4. Ne2 Bg4 5. h3 Bh5 6. c3 e6 7. 0-0 Be7 8. d3 h6 9. Be3 Nf6 10. Qd2 Ne5 11. f4 Bxe2 12. Qxe2 Nc6 13. Nd2 Qc7 14. a3 Rd8 15. d4 0-0 16. g4 Nh7 17. d5 Nb8 18. Kh1 Nd7 19. Rg1 e5 20. f5 a6 21. Qf2 g5 22. fxg6 fxg6 23. Qe2 Kg7 24. Nf1 Bh4 25. Nh2 Ng5 26. Raf1 Rxf1 27. Rxf1 Nf6 28. Bf2 Bxf2 29. Rxf2 Rf8 30. h4 Ngxe4 31. Rf3 c4 32. Re3 Nc5 33. Qxc4 b5 34. Qe2 Qe7 35. h5 Qf7 36. hxg6 Kxg6 37. Rh3 Kg7 38. b4 Ncd7 39. c4 bxc4 40. Qxc4 Nb6 41. Qc1 Qg6 42. Qc7+ Nfd7 43. Nf3 Rc8 44. Qb7 Rc4 45. Nh4 Qxg4 46. Rg3 Rc1+ 47. Kh2 Qxg3+ 48. Kxg3 Rc3+ 49. Kh2 Rxa3 50. Qc7 Ra2 51. Qxd6 Rd2 52. Nf5+ Kh8 53. Qxh6+ 1-0

[Event "Politiken Cup 37th"]
[Site "Helsingor"]
[Date "2015.07.27"]
[Round "4"]
[White "Bernhardsson, Sten Hilding G"]
[Black "Rose, Dennis Lauge"]
[Result "1-0"]
[WhiteElo "2003"]
[BlackElo "1797"]
[PlyCount "159"]
[EventDate "2015.07.25"]
[EventType "swiss"]
[EventRounds "10"]
[EventCountry "DEN"]
[SourceTitle "CBM 167 Extra"]
[Source "ChessBase"]
[SourceDate "2015.09.14"]
[SourceVersion "1"]
[SourceVersionDate "2015.09.14"]
[SourceQuality "1"]

1. d4 e6 2. Nf3 Nf6 3. Bg5 Be7 4. e3 b6 5. Bd3 Bb7 6. 0-0 h6 7. Bh4 g5 8. Bg3 g4 9. Nfd2 h5 10. Bh4 Nd5 11. Bxe7 Qxe7 12. c4 Nb4 13. Be4 d5 14. cxd5 Nxd5 15. Nc3 Qg5 16. Bxd5 exd5 17. e4 Nd7 18. Rc1 a6 19. Nxd5 Kd8 20. Qc2 Rc8 21. Qd3 h4 22. Qe3 Qh5 23. Nf4 Qh7 24. Rc3 Re8 25. e5 Qg7 26. Re1 a5 27. e6 Nf6 28. e7+ Kd7 29. Nc4 Nd5 30. Nxd5 Bxd5 31. Ne5+ Kxe7 32. Qf4 Kd8 33. Rce3 Rg8 34. g3 f6 35. Nxg4 hxg3 36. fxg3 Rf8 37. Qf5 Bc6 38. Nf2 Bd7 39. Qd5 Qg5 40. Qxg5 fxg5 41. Re5 Rg8 42. Ne4 g4 43. Nf6 Rf8 44. Rg5 c5 45. Nxd7 Kxd7 46. dxc5 Rxc5 47. Rxc5 bxc5 48. Re4 Rg8 49. Ra4 Kc6 50. Rxa5 Kb6 51. Ra4 Rd8 52. Rf4 Kb5 53. Kg2 Rd2+ 54. Rf2 Rd4 55. h3 gxh3+ 56. Kxh3 Kc4 57. g4 Kd5 58. g5 Ke6 59. g6 Ke7 60. g7 Rd8 61. Rf8 Rxf8 62. gxf8Q+ Kxf8 63. Kg4 Ke7 64. Kf4 Kd6 65. Ke4 Ke6 66. Kd3 Kd5 67. Kc3 Kd6 68. Kc4 Kc6 69. b3 Kb6 70. a4 Kc6 71. a5 Kd6 72. Kb5 Kc7 73. Kxc5 Kb7 74. b4 Ka7 75. Kc6 Kb8 76. b5 Ka7 77. Kc7 Ka8 78. a6 Ka7 79. b6+ Ka8 80. b7+ 1-0

[Event "Politiken Cup 37th"]
[Site "Helsingor"]
[Date "2015.07.26"]
[Round "2"]
[White "Berg Olsen, Sebastian N"]
[Black "Rose, Dennis Lauge"]
[Result "0-1"]
[WhiteElo "1302"]
[BlackElo "1797"]
[PlyCount "68"]
[EventDate "2015.07.25"]
[EventType "swiss"]
[EventRounds "10"]
[EventCountry "DEN"]
[SourceTitle "CBM 167 Extra"]
[Source "ChessBase"]
[SourceDate "2015.09.14"]
[SourceVersion "1"]
[SourceVersionDate "2015.09.14"]
[SourceQuality "1"]

1. e4 c5 2. Nf3 Nc6 3. d4 cxd4 4. Nxd4 e5 5. Nb5 d6 6. N1c3 a6 7. Na3 b5 8. Nd5 f5 9. Bd3 f4 10. c4 b4 11. Nc2 a5 12. 0-0 Nf6 13. g3 fxg3 14. fxg3 Be7 15. Nce3 0-0 16. Nf5 Bxf5 17. exf5 Rc8 18. Be3 Kh8 19. Bb6 Qd7 20. Qa4 Bd8 21. Be3 Ng4 22. Qd1 Nxe3 23. Nxe3 Bb6 24. Re1 Qe7 25. Be4 Qa7 26. Qf3 Nd4 27. Qg2 Nxf5 28. Qh3 Bxe3+ 29. Kh1 Nh6 30. g4 Bf4 31. Rf1 Qd7 32. Rg1 Rxc4 33. Rae1 d5 34. Qd3 Rd4 0-1

[Event "Politiken Cup 37th"]
[Site "Helsingor"]
[Date "2015.07.25"]
[Round "1"]
[White "Rose, Dennis Lauge"]
[Black "Hartung Nielsen, Jens"]
[Result "0-1"]
[WhiteElo "1797"]
[BlackElo "2212"]
[PlyCount "44"]
[EventDate "2015.07.25"]
[EventType "swiss"]
[EventRounds "10"]
[EventCountry "DEN"]
[SourceTitle "CBM 167 Extra"]
[Source "ChessBase"]
[SourceDate "2015.09.14"]
[SourceVersion "1"]
[SourceVersionDate "2015.09.14"]
[SourceQuality "1"]

1. e4 c5 2. Nf3 g6 3. Bc4 Bg7 4. d3 Nc6 5. Nc3 e6 6. 0-0 Nge7 7. Bg5 h6 8. Be3 d5 9. exd5 exd5 10. Bb5 d4 11. Bxh6 Rxh6 12. Ne4 Bf5 13. Nxc5 Qb6 14. Bxc6+ Qxc6 15. b4 Kf8 16. Qd2 Rh5 17. Rfe1 Nd5 18. a3 Qc7 19. g3 Bg4 20. Nh4 Bh6 21. f4 Nxf4 22. Qf2 Nh3+ 0-1

[Event "Politiken Cup 36th"]
[Site "Helsingor"]
[Date "2014.07.25"]
[Round "6"]
[White "Rose, Dennis Lauge"]
[Black "Christensen, Casper"]
[Result "0-1"]
[WhiteElo "1839"]
[BlackElo "2004"]
[PlyCount "62"]
[EventDate "2014.07.21"]
[EventType "swiss"]
[EventRounds "10"]
[EventCountry "DEN"]
[SourceTitle "CBM 161 Extra"]
[Source "ChessBase"]
[SourceDate "2014.08.29"]
[SourceVersion "1"]
[SourceVersionDate "2014.08.29"]
[SourceQuality "1"]

1. f4 c5 2. Nf3 d5 3. e3 Nf6 4. d4 e6 5. c3 Nc6 6. Bd3 c4 7. Bc2 b5 8. Nbd2 Be7 9. e4 dxe4 10. Nxe4 Nd5 11. 0-0 Bb7 12. Ne5 Nf6 13. Nxf6+ gxf6 14. Nxf7 Kxf7 15. Qh5+ Kg8 16. Rf3 Bf8 17. Rg3+ Bg7 18. Qxb5 Qb6 19. Qxc4 Ne7 20. b3 Ba6 21. Qa4 Bb5 22. Qa3 Nd5 23. Bd2 Kf7 24. Qb2 Bh6 25. Rf3 f5 26. c4 Bxc4 27. Rb1 Ba6 28. Be3 Nxe3 29. Rxe3 Bxf4 30. Rf3 Be5 31. Rd1 Be2 0-1

[Event "DEN-ch G7-B"]
[Site "Skorping"]
[Date "2014.04.18"]
[Round "4"]
[White "Rose, Dennis Lauge"]
[Black "Nielsen, Rune"]
[Result "1-0"]
[WhiteElo "1746"]
[BlackElo "1607"]
[PlyCount "61"]
[EventDate "2014.04.15"]
[EventType "swiss"]
[EventRounds "7"]
[EventCountry "DEN"]
[SourceTitle "EXT 2023"]
[Source "ChessBase"]
[SourceDate "2022.10.05"]
[SourceVersion "1"]
[SourceVersionDate "2022.10.05"]
[SourceQuality "1"]

1. f4 Nf6 2. Nf3 d6 3. e3 g6 4. d4 Bg7 5. Bd3 0-0 6. c3 a6 7. Nbd2 b5 8. 0-0 Bb7 9. f5 Nbd7 10. fxg6 hxg6 11. Qe1 e5 12. Qh4 Nh7 13. Qg3 Ndf6 14. Bc2 Nh5 15. Qf2 Qe7 16. Bb3 N7f6 17. Qh4 exd4 18. exd4 Qe3+ 19. Kh1 Qd3 20. Ng5 Rae8 21. Re1 Re2 22. Ndf3 Bh6 23. Rd1 Qf5 24. Re1 Bxg5 25. Bxg5 Bxf3 26. Rxe2 Bxe2 27. Re1 Kg7 28. h3 Bd3 29. g4 Qf3+ 30. Kh2 Nf4 31. Bxf6+ 1-0

[Event "Politiken Cup 35th"]
[Site "Helsingor"]
[Date "2013.08.03"]
[Round "9"]
[White "Rose, Dennis Lauge"]
[Black "Yilmaz, Kazim"]
[Result "1-0"]
[WhiteElo "1827"]
[BlackElo "1651"]
[PlyCount "61"]
[EventDate "2013.07.27"]
[EventType "swiss"]
[EventRounds "10"]
[EventCountry "DEN"]
[SourceTitle "CBM 155 Extra"]
[Source "ChessBase"]
[SourceDate "2013.08.26"]
[SourceVersion "1"]
[SourceVersionDate "2013.08.26"]
[SourceQuality "1"]

1. f4 d5 2. Nf3 c5 3. e3 Nf6 4. d4 Nc6 5. c3 cxd4 6. exd4 Bf5 7. Be2 e6 8. 0-0 Bd6 9. Ne5 Bxe5 10. fxe5 Nd7 11. Bd3 Bg6 12. Na3 a6 13. Nc2 Qe7 14. Bf4 Bxd3 15. Qxd3 g5 16. Bd2 h5 17. c4 dxc4 18. Qxc4 g4 19. Rf4 Nb6 20. Qb3 Nd5 21. Re4 b5 22. Ne3 Nxe3 23. Bxe3 Na5 24. Qc3 b4 25. Qc2 Nb7 26. Rf1 0-0 27. Rf6 Kg7 28. Bh6+ Kh7 29. Rxg4+ Kh8 30. Rg7 Rac8 31. Qh7# 1-0